| 000 | 00862nam a2200289Ia 4500 | ||
|---|---|---|---|
| 003 | OSt | ||
| 005 | 20220927105756.0 | ||
| 006 | a|||||r|||| 00| 0 | ||
| 007 | ta | ||
| 008 | 220926b |||||||| |||| 00| 0 eng d | ||
| 020 | _a9780415400046 | ||
| 024 | _a202994 | ||
| 037 | _cReference Collections | ||
| 040 |
_aRTL _cRTL _beng |
||
| 041 |
_2eng _aeng |
||
| 082 | _a"X:8E, K0;P7" | ||
| 100 |
_aBIERMAN Harold _9374971 |
||
| 245 | 0 |
_aCapital budgeting decision _b Economic analysis of investment projects |
|
| 250 | _a9th | ||
| 260 |
_aNew _b"York, Routledge, " _c2007 |
||
| 300 |
_a"xx, 402p" _ccm. |
||
| 490 | _aRoutledge Perspectives on Development | ||
| 500 | _aBibliography: P 285-309 | ||
| 700 |
_a SMIDT Seymour _9374972 |
||
| 942 |
_h"X:8E, K0;P7" _cCC |
||
| 999 |
_c694613 _d694613 |
||